000 00765cam a22002294a 4500
005 20250605164129.0
008 250528s ||||||||||||||||||||||||d
035 _a18586
020 _a500974233
040 _aGR-AtMCL
_bgre
_dGR-AtMCL
_eAACR2
245 1 _aCross Cultural Design / Communicating in the Global Marketplace
260 _c1995
300 _a232
505 0 _aForeword, Preface, Introduction, A Cross-Cultural Portrait, A Cross-Cultural Anthology, Appendix, Index.
520 _aForeword, Preface, Introduction, A Cross-Cultural Portrait, A Cross-Cultural Anthology, Appendix, Index.
700 1 _aHaas Ken
_94846
700 1 _aSteiner Henry
_94847
700 1 _aThames And Hudson
_92417
942 _cBK
999 _c3935
_d3935